000 01064cab a2200313 4500
001 ABS57623
008 090401t1997 xxu||||| |||| 00| 0 eng d
035 _a(Sirsi) u81128
041 _aeng
100 _aWilkinson, H. W.
245 _a`Subject to licence` - magic words
260 _c1997
350 _a0
490 _aNew Law Journal
_v147(6808) 19 September 1997, 1347-1349(2)
520 _aUses the Court of Appeal decision in "Prudential Assurance Co Ltd v Mount Eden Land Ltd" to illustrate the differences between `subject to formal licence` and `subject to contract`.
650 _aALTERATIONS
650 _aBREACH OF COVENANT
650 _aLANDLORD AND TENANT ACT 1927
650 _aLANDLORD AND TENANT ACT 1988
650 _aLANDLORDS CONSENT
650 _aLAW OF PROPERTY ACT 1925
650 _aLEASES
650 _aPRUDENTIAL ASSURANCE CO LTD V MOUNT EDEN LAND LTD
650 _aSUBJECT TO CONTRACT
650 _aSUBJECT TO LICENCE
690 _aLANDLORD AND TENANT-BUSINESS TENANCIES
942 _n0
948 _c29/09/1997
999 _c51121
_d51121